000
00338nam a2200133Ia 4500
008
240624s9999 xx 000 0 und d
041
_a
eng
082
_a
330.1 SHI
100
_a
SHIOZAWA YOSHINORI
245
_a
MICROFOUNDATIONS OF EVOLUTIONARY ECONOMI
260
_c
2019
_a
Japan
_b
Springer
300
_a
346p. ;23cm.
365
_c
ERU
_b
33
999
_c
32707
_d
32707